Представление документа в формате RUSMARC

ПолеНазваниеЗначение
  Тип записи a
  Библиографический уровень m
001 Контрольный номер RU/ГПНТБ России/IBIS/84(2Рос=Рус)6/У 30-684549461
005 Дата корректировки 20260610113957.7
010 Индекс ISBN __
a ISBN 978-5-04-195220-4
b Уточнения в пер.
9 Тираж 3000
100 Данные общей обработки __
a Данные общей обработки 20260610d2024 cc y0rusy0250 ca
101 Язык документа 0_
a Язык текста rus
102 Страна публикации __
a Страна публикации RU
105 Кодированные данные (монография) __
a Кодированные данные (монография) a z 000ay
181 Поле кодированных данных: вид содержания _0
a Код вида содержания (ISBD) i
182 Поле кодированных данных: тип средства _0
a Код типа средства (ISBD) n
200 Заглавие и сведения об ответственности 1_
a Заглавие Удивительные находки
e Сведения, относящиеся к заглавию для младшего школьного возраста
f Первые сведения об ответственности автор литературной адаптации Елена Щетинина
203 Вид содержания и тип средства __
c Тип средства непосредственный
a Вид содержания Текст
210 Выходные данные 1_
a Место издания Москва
c Издательство #Эксмодетство
c Издательство Эксмо
d Дата издания 2024
215 Физическое описание __
a Объем 59, [2] с.
c Иллюстрации/тип воспроизводства цв. ил.
d Формат 20 см
225 Серия 2_
a Серия Союзмультфильм. Новое Простоквашино
327 Примечание о содержании 0_
a Примечание о содержании Содержание: Неудобные соседи; Магазин на лежанке; Доброе молоко; Гипноз; Мамонт из Простоквашино
333 Примечание о целевом назначении __
a Примечание о целевом назначении информационная продукция для детей, достигших возраста шести лет
333 Примечание о целевом назначении __
a Примечание о целевом назначении для детей от 5 до 7 лет
333 Примечание о целевом назначении __
a Примечание о целевом назначении для детей младшего возраста, 5-10 лет
464 Аналитический уровень _0
1 2001
a Неудобные соседи
464 Аналитический уровень _0
1 2001
a Магазин на лежанке
464 Аналитический уровень _0
1 2001
a Доброе молоко
464 Аналитический уровень _0
1 2001
a Гипноз
464 Аналитический уровень _0
1 2001
a Мамонт из Простоквашино
517 Другие варианты заглавия 1_
a Другие варианты заглавия Новое Простоквашино
606 Тематические рубрики __
a Основная рубрика Художественная литература
x Основная подрубрика Произведения русской литературы
z Хронологическая подрубрика 21 в.
j Формальный подзаголовок Издания для детей
2 Код системы nlr_sh
686 Индексы других классификаций __
2 Код системы rubbk
a Классификационный индекс 84(2Рос=Рус)6
686 Индексы других классификаций __
2 Код системы rugasnti
a Классификационный индекс 17.82
702 Вторичная интеллектуальная ответственность _1
a Фамилия Щетинина
b Имя Е.
g Полное личное имя Елена
4 Код отношения 010
801 Источник записи _0
b Организация ГПНТБ России
a Страна RU
c Дата составления 20260610
801 Источник записи _1
b Организация ГПНТБ России
a Страна RU
c Дата составления 20260610
852 Данные о местонахождении 5_
a Наименование организации ГПНТБ России
m Суффикс шифра хранения 11106101
b Сигла хранения ЦГБ
j Шифр хранения 84(2Рос=Рус)6
p Инвентарный номер RU
899 Данные о местонахождении __
a Местонахождение ГПНТБ России
p Штрих-код 11106101
b Место хранения ЦГБ
h Классификационная часть РШ 84(2Рос=Рус)6
i Авторский знак У 30
901 Тип документа __
a Ответственный заим.